000 01037nam a2200253Ia 4500
003 OSt
005 20200714124535.0
008 191128s1978 ck 000 0 spa d
040 _aCO-JMCR
_cCO-JMCR
041 0 _aspa
082 0 4 _a330.986 /
_bG158e
_223
100 1 _aGalindo, Anibal,
_eautor
_97194
245 1 0 _aEstudios económicos y fiscales /
_cpor Anibal Galindo
260 _aBogotá :
_bEdiciones sol y luna,
_c1978.
300 _axviii, 287 páginas ;
_c23 cm.
490 0 _aBiblioteca Popular de Economía. Anif-Colcultura ;
_v1
505 0 _aTeoría de los bancos – El papel moneda -- Los ferrocarriles colombianos -- Apuntamientos para la historia económica y fiscal del país -- Limitaciones de dominio -- La propiedad raíz -- El socialismo -- Historia de la deuda extranjera
650 1 4 _aHistoria económica
_zColombia
_96882
650 2 4 _aPolítica fiscal
_97195
650 2 4 _aEconomístas colombianos
_94710
650 2 4 _a Economía colombiana
_97196
650 2 4 _aDeuda externa
_96752
942 _2ddc
_cBK
999 _c5865
_d5865